000 00638nam a2200217Ia 4500
005 20241129120237.0
008 241129s9999||||xx |||||||||||||| ||und||
020 _a9781758974905
037 _aTB
040 _aSDCL
_beng
_cSDCL
041 _aeng
_2eng
084 _aX:(G:55)k, R3
_qSDCL
100 _aHaddad Brent M. Ed.
_9729514
245 0 _aDictionary of ecological economics: Terms for the new millennium
260 _aCheltenham
_bEdward Elgar U K
_c2023
300 _axxiv,593p.
365 _aGBP
_b235
650 _aBusiness Economics and Finance
942 _cTB
_hX:(G:55)k, R3
999 _c1233978
_d1233978